Jonathan's General Knowledge #10 - Statistics

General Stats
  • This quiz has been taken 1,088 times
  • The average score is 8 of 20
Answer Stats
# Hint Answer % Correct
3 In which country was the composer Mozart born? Austria
88%
1 In which part of the body is bile produced? Liver
85%
4 In the sporting world, what does MMA stand for? Mixed martial arts
63%
14 In the film Cast Away, which company does Tom Hanks work for? FedEx
56%
7 The 'War of Currents' was a feud between Thomas Edison and whom? Nikola Tesla
52%
16 The Great Barrier Reef is located off the coast of which Australian state? Queensland
52%
5 Which Scottish poet wrote Auld Lang Syne? Robert Burns
48%
9 If 7x = 5400 - 2x, what is the value of x? 600
45%
12 What is the largest landlocked country in the world? Kazakhstan
40%
20 Grande Fratello is the Italian version of which television franchise? Big Brother
39%
15 Which automobile manufacturer makes the Cayman? Porsche
38%
13 Which team won the 2015 Superbowl? New England Patriots
37%
2 Besides water, which 'acid' is the main component of vinegar? Acetic
35%
8 What does 'prêt-à-porter' mean in English? Ready to wear
35%
17 Which American president established NASA? Dwight D. Eisenhower
33%
18 AZ, Ajax and PSV are football clubs in which competition? Eredivisie
21%
6 Sean Penn plays a stoned surfer in which 1982 comedy film? Fast Times at Ridgemont High
20%
10 West Lafayette, Indiana is home to which famous university? Purdue
14%
19 The 1995 movie Clueless was loosely based on which novel? Emma
12%
11 'Save The Last Dance For Me' was the only #1 single for which group? The Drifters
7%
No matching quizzes found
Score Distribution
Percent of People with Each Score
Percentile by Number Answered
Your Score History
You have not taken this quiz